Shanghai Metro Stations Sudden Death - Statistics

General Stats
  • This quiz has been taken 35 times
  • The average score is 9 of 30
Answers on the Grid
Answers color-coded by a green-red scale on the quiz's grid according to % correct below.
People's Square
Shanghai Railway Station
Shanghai Museum
Nanjing Rd. (E)
Lujiazui
The Bund
Century Ave.
Century Park
Shanghai University
Shanghai Normal University
Tian'anmen Square
Fuxing Island
Thames Town
Liangmaqiao
Disney Resort
Jing'an Temple
Zhongshan Park
Zhongshan Rd. (W)
Xijiao Hotel
Shanghai Zoo
Shanghai Statium
Wanqingsha
Lupu Bridge
Nanpu Bridge
Xujiahui
Shanghai Library
Confucius Temple
Laoximen
Xiaonanmen
Chongming Island
Huangpu
Oriental Pearl Tower
Hongqiao Rd.
Hongqiao Airport Terminal 1
Pudong Airport Terminal 1
Tilanqiao
Jinjiang Park
West Huajing
East Hangtou
Oriental Land
People's Park
Tianfu Square
International Cruise Terminal
Yishan Road
Dapuqiao
Space Museum
Caobao Road
Chongwenmen
Xinzhuang
Fudan University
 
Answer Stats
Answer % Correct
People's Square
81%
Shanghai Railway Station
69%
Lujiazui
63%
Nanjing Rd. (E)
56%
Disney Resort
50%
Shanghai Zoo
44%
Century Ave.
38%
Century Park
38%
Jing'an Temple
38%
Xujiahui
38%
Hongqiao Airport Terminal 1
31%
Shanghai University
31%
Xiaonanmen
31%
Zhongshan Park
31%
Laoximen
25%
Nanpu Bridge
25%
Shanghai Library
25%
Shanghai Statium
25%
Caobao Road
19%
Dapuqiao
19%
Fudan University
19%
Fuxing Island
19%
Hongqiao Rd.
19%
International Cruise Terminal
19%
Xinzhuang
19%
East Hangtou
13%
Jinjiang Park
13%
Oriental Land
13%
Tilanqiao
13%
Yishan Road
13%
No matching quizzes found
Score Distribution
Percent of People with Each Score
Percentile by Number Answered
Your Score History
You have not taken this quiz